Statistics for Eurovision Test #4

Click here to take the quiz!

General Stats

  • This quiz has been taken 25 times
  • The average score is 9 of 15

Answer Stats

QuestionAnswer% Correct
Complete the lyrics: "At Waterloo, [..] did surrender"Napoleon
83%
How many points separated Switzerland and the UK in 1988?1 point
78%
What was the first country to release their 2024 song?France
78%
How many times did Ireland sing in Irish?Only Once
78%
When was Morocco's only appearance in the contest1980
74%
What was the first former Soviet country to win Eurovision?Estonia
65%
In 1993, there was a qualifing round which allowed three countries to debut in Eurovision. Which of these countries didn't qualify?Slovakia
65%
What was the first prop used on a Eurovision stage?Telephone
65%
How many times was Eurovision hosted in Dublin?Six
61%
What was the only country that sung in an Imaginary Language twice?Belgium
57%
What is the name of the famous interval act of the 2016 ESC grand final?Love Love Peace Peace
52%
After a tiebreak, which country qualified over Bulgaria in 2012?Norway
52%
Which of these countries was relegated at least once?Norway
39%
In which year was introduced the televoting?1997
35%
What previous competing Yugoslav band did backing vocals for Toto Cutugno in 1990?Pepel in kri
30%

Score Distribution

Percentile by Number Answered

Percent of People with Each Score

Your Score History

You have not taken this quiz